[Event "Good_Move_Good_Mood #01"]
[Site "SchemingMind.com"]
[Date "2016.02.12"]
[Round "-"]
[White "Holty"]
[Black "Michal Drus"]
[Result "1-0"]
[WhiteCountry "ENG"]
[BlackCountry "POL"]
[WhiteElo "1806"]
[WhiteRD "60"]
[BlackElo "1469"]
[BlackRD "70"]
[GameID "395125"]

1. d4 d5 2. Nf3 Nf6 3. e3 c5 4. b3 Ne4 5. Bb2 Bg4 6. h3 Qa5+ 7. c3 Bxf3 8. gxf3 Nxc3 9. Bxc3 Qc7 10. f4 e6
11. Nd2 a5 12. Bb5+ Nc6 13. Rg1 Bd6 14. Rxg7 Ke7 15. Qh5 Kf8 16. Rxh7 Rxh7 17. Qxh7 Ne7 18. Qh8+ Ng8 19. Ke2 f6 20. Rg1 Qf7
21. Kd1 cxd4 22. Bxd4 e5 23. fxe5 fxe5 24. Bb2 Rc8 25. f4 Ke7 26. Rg7 Qxg7 27. Qxg7+ Ke6 28. Bd7#
1-0

[Event "Good_Move_Good_Mood #01"]
[Site "SchemingMind.com"]
[Date "2016.02.12"]
[Round "-"]
[White "Michal Drus"]
[Black "Holty"]
[Result "0-1"]
[WhiteCountry "POL"]
[BlackCountry "ENG"]
[WhiteElo "1469"]
[WhiteRD "70"]
[BlackElo "1806"]
[BlackRD "60"]
[GameID "395126"]

1. e4 e6 2. d4 d5 3. Nc3 c5 4. Nf3 Nf6 5. e5 Nfd7 6. Bb5 Nc6 7. Bxc6 bxc6 8. Bg5 Be7 9. Qd2 cxd4 10. Bxe7 Qxe7
11. Nxd4 Bb7 12. O-O-O Nxe5 13. b3 O-O 14. Rhe1 Nd7 15. Nf5 Qa3+ 16. Kb1 exf5 17. h4 Nf6 18. f3 Qb4 19. Nxd5 Nxd5 20. Qxb4 Nxb4
21. Re7 Ba6 22. c3 Nd5
0-1